Statistics for Dünya'nın En Değerli 15 Markası

Click here to take the quiz!

General Stats

  • This quiz has been taken 446 times
  • The average score is 5 of 15

Answer Stats

Sektör/KaçıncıCevap% Correct
Perakande/2.Apple
90%
Teknoloji/6.Samsung
73%
Otomobil/15.Mercedes
65%
Otomobil/9.Tesla
49%
Perakande/1.Amazon
48%
Medya/13.Facebook
48%
Medya/3.Google
45%
Teknoloji/4.Microsoft
42%
Medya/10.TikTok
16%
Perakande/5.Walmart
10%
Banka/7.ICBC
1%
Telekom/8.Verizon
1%
Banka/11.China Construction Bank
0%
Perakande/12.Home Depot
0%
Genel Hizmet/14.State Grid
0%

Score Distribution

Percentile by Number Answered

Percent of People with Each Score

Your Score History

You have not taken this quiz